[Event "GBR-ch78"]
[Site "Eastbourne"]
[Date "1991.07.31"]
[Round "3.13"]
[White "Norwood, David"]
[Black "Lund, D Brett"]
[Result "1-0"]
[WhiteElo "2500"]
[BlackElo "2290"]
[PlyCount "65"]
[EventDate "1991.07.29"]
[EventType "swiss"]
[EventRounds "11"]
[EventCountry "GBR"]
[SourceTitle "EXT 1997"]
[Source "ChessBase"]
[SourceDate "1996.11.15"]
[SourceVersion "1"]
[SourceVersionDate "1996.11.15"]
[SourceQuality "1"]

1. g3 f5 2. Bg2 Nf6 3. Nf3 g6 4. O-O Bg7 5. d4 O-O 6. Nbd2 Nc6 7. c3 Kh8 8. Re1
d5 9. Nb3 Ne4 10. Bf4 a5 11. Nc1 e6 12. Nd3 g5 13. Be5 Nxe5 14. Nfxe5 Bd7 15.
f3 Nd6 16. e4 c6 17. Qd2 Bxe5 18. Nxe5 Be8 19. exd5 cxd5 20. b3 a4 21. c4 axb3
22. axb3 Rxa1 23. Rxa1 dxc4 24. bxc4 f4 25. Bh3 Nf5 26. Bxf5 Rxf5 27. Qb2 fxg3
28. hxg3 Kg8 29. Ra7 b5 30. cxb5 Bxb5 31. Rb7 Be8 32. Ng4 Rf8 33. d5 1-0

[Event "GBR-ch78"]
[Site "Eastbourne"]
[Date "1991.07.31"]
[Round "3.14"]
[White "Coleman, David J"]
[Black "Arkell, Keith C"]
[Result "1-0"]
[WhiteElo "2265"]
[BlackElo "2455"]
[PlyCount "59"]
[EventDate "1991.07.29"]
[EventType "swiss"]
[EventRounds "11"]
[EventCountry "GBR"]
[SourceTitle "EXT 1997"]
[Source "ChessBase"]
[SourceDate "1996.11.15"]
[SourceVersion "1"]
[SourceVersionDate "1996.11.15"]
[SourceQuality "1"]

1. e4 c6 2. d4 d5 3. exd5 cxd5 4. c4 Nf6 5. Nc3 g6 6. Qb3 Bg7 7. cxd5 O-O 8.
Be2 Nbd7 9. Bf3 Nb6 10. Bg5 Bg4 11. Bxf6 Bxf3 12. Nxf3 Bxf6 13. O-O Qd6 14.
Rfe1 Rfd8 15. Ne5 Rab8 16. Re4 Nxd5 17. Rae1 e6 18. h4 Qb6 19. Qc2 Nb4 20. Qe2
Rxd4 21. Nxf7 Kxf7 22. Rxe6 Qd8 23. Nb5 Rd3 24. Qg4 Nc6 25. Qf4 Kg7 26. Nd6 Qf8
27. h5 gxh5 28. Nf5+ Kh8 29. Rxf6 Qd8 30. Rxc6 1-0

[Event "GBR-ch78"]
[Site "Eastbourne"]
[Date "1991.07.31"]
[Round "3.17"]
[White "Jackson, Oliver"]
[Black "Rayner, Francis"]
[Result "1-0"]
[WhiteElo "2345"]
[BlackElo "2265"]
[PlyCount "85"]
[EventDate "1991.07.29"]
[EventType "swiss"]
[EventRounds "11"]
[EventCountry "GBR"]
[SourceTitle "EXT 1997"]
[Source "ChessBase"]
[SourceDate "1996.11.15"]
[SourceVersion "1"]
[SourceVersionDate "1996.11.15"]
[SourceQuality "1"]

1. e4 c5 2. Nc3 e6 3. f4 d5 4. Nf3 d4 5. Bb5+ Bd7 6. Bxd7+ Qxd7 7. Ne5 Qd8 8.
Nb1 Nf6 9. d3 Nbd7 10. Nd2 Nxe5 11. fxe5 Nd7 12. Nf3 Qc7 13. Bf4 g6 14. c3 Bg7
15. cxd4 cxd4 16. Qa4 b5 17. Qxd4 O-O 18. O-O Qc5 19. Be3 Qxd4 20. Bxd4 a6 21.
Bc3 Nc5 22. Bb4 Rfc8 23. Bxc5 Rxc5 24. Rac1 Rac8 25. Rxc5 Rxc5 26. Rd1 Rc2 27.
d4 Rxb2 28. d5 Rc2 29. Nd4 Rc8 30. Nc6 Bf8 31. Rc1 Rc7 32. d6 Rd7 33. Nb8 Rd8
34. d7 Be7 35. Rc8 Kg7 36. Rxd8 Bxd8 37. Nc6 Bb6+ 38. Kf1 f6 39. d8=Q Bxd8 40.
Nxd8 fxe5 41. Nxe6+ Kf6 42. Nc7 Kg5 43. Ke2 1-0

[Event "GBR-ch78"]
[Site "Eastbourne"]
[Date "1991.07.31"]
[Round "3.21"]
[White "Rogers, Jonathan W"]
[Black "Byway, Paul V"]
[Result "1-0"]
[WhiteElo "2245"]
[BlackElo "2315"]
[PlyCount "69"]
[EventDate "1991.07.29"]
[EventType "swiss"]
[EventRounds "11"]
[EventCountry "GBR"]
[SourceTitle "EXT 1997"]
[Source "ChessBase"]
[SourceDate "1996.11.15"]
[SourceVersion "1"]
[SourceVersionDate "1996.11.15"]
[SourceQuality "1"]

1. d4 Nf6 2. Nf3 e6 3. Bg5 d5 4. e3 Nbd7 5. Bd3 c5 6. c3 Bd6 7. Nbd2 Qc7 8. Qe2 O-O 9. O-O Re8 10. Rae1 e5 11. dxe5 Bxe5 12. Nxe5 Qxe5 13. f4 Qc7 14. e4 Qb6 15. Kh1 h6 16. Bh4 c4 17. Bb1 Qxb2 18. e5 Qxc3 19. Rf3 Qb2 20. Rg3 Ne4 21. Bxe4 dxe4 22. Rb1 (22. Rf1 {is given in the bulletin, but Jonathan Rogers tells us that the move played was 22 Rf1 (English Chess Forum, 27 September 2024).}) 22... Qxa2 23. Qh5 Qa6 24. Nxe4 Re6 25. Nd6 Rxd6 26. exd6 Qxd6 27. Re1 Nf8 28. Be7 Qd2 29. Rd1 Qxf4 30. Bxf8 Kxf8 31. Rf3 Bg4 32. Qc5+ Kg8 33. Rxf4 Bxd1 34. Qd5 Rf8 35. Qxd1 {Amended 27 September 2024.} 1-0

[Event "GBR-ch78"]
[Site "Eastbourne"]
[Date "1991.07.31"]
[Round "3.27"]
[White "Forbes, Cathy"]
[Black "Hutchinson, Paul A"]
[Result "1-0"]
[WhiteElo "2140"]
[BlackElo "2245"]
[PlyCount "65"]
[EventDate "1991.07.29"]
[EventType "swiss"]
[EventRounds "11"]
[EventCountry "GBR"]
[SourceTitle "EXT 1997"]
[Source "ChessBase"]
[SourceDate "1996.11.15"]
[SourceVersion "1"]
[SourceVersionDate "1996.11.15"]
[SourceQuality "1"]

1. d4 d5 2. Nf3 Nf6 3. Bf4 c6 4. e3 Bg4 5. h3 Bxf3 6. gxf3 e6 7. Rg1 Nbd7 8.
Nd2 g6 9. c3 Nh5 10. Bh2 a6 11. a4 c5 12. Qb3 b6 13. e4 c4 14. Qd1 Be7 15. b3
b5 16. axb5 axb5 17. bxc4 bxc4 18. Be2 Rxa1 19. Qxa1 O-O 20. f4 Nhf6 21. f5
exf5 22. exd5 Nxd5 23. Bxc4 N7f6 24. Be5 Ne4 25. Nxe4 fxe4 26. Rg4 e3 27. f4
Qd7 28. Qa5 Nf6 29. Bxf6 Bxf6 30. Ke2 Rb8 31. Qd5 Rb2+ 32. Kxe3 Kg7 33. Qxd7
1-0

[Event "GBR-ch78"]
[Site "Eastbourne"]
[Date "1991.07.31"]
[Round "3.34"]
[White "Dhar Barua, Saheli"]
[Black "Mordue, A Tyson"]
[Result "0-1"]
[WhiteElo "2075"]
[BlackElo "2210"]
[PlyCount "36"]
[EventDate "1991.07.29"]
[EventType "swiss"]
[EventRounds "11"]
[EventCountry "GBR"]
[SourceTitle "EXT 1997"]
[Source "ChessBase"]
[SourceDate "1996.11.15"]
[SourceVersion "1"]
[SourceVersionDate "1996.11.15"]
[SourceQuality "1"]

1. e4 c5 2. Nf3 d6 3. d4 cxd4 4. Nxd4 Nf6 5. Nc3 a6 6. Be3 e6 7. Qd2 Be7 8. f3
Qc7 9. g4 Nc6 10. h4 b5 11. h5 h6 12. Nce2 Ne5 13. Ng3 Bb7 14. g5 hxg5 15. Bxg5
d5 16. Rg1 dxe4 17. fxe4 O-O-O 18. Be2 Rxd4 0-1

[Event "GBR-ch78"]
[Site "Eastbourne"]
[Date "1991.08.01"]
[Round "4.1"]
[White "Wells, Peter K"]
[Black "Hodgson, Julian M"]
[Result "0-1"]
[WhiteElo "2465"]
[BlackElo "2570"]
[PlyCount "58"]
[EventDate "1991.07.29"]
[EventType "swiss"]
[EventRounds "11"]
[EventCountry "GBR"]
[SourceTitle "EXT 1997"]
[Source "ChessBase"]
[SourceDate "1996.11.15"]
[SourceVersion "1"]
[SourceVersionDate "1996.11.15"]
[SourceQuality "1"]

1. d4 d6 2. e4 Nf6 3. Nc3 g6 4. f4 Bg7 5. Nf3 O-O 6. Bd3 Na6 7. O-O c5 8. d5
Rb8 9. Kh1 Bg4 10. Qe1 Nb4 11. Qh4 b5 12. a3 Nxd3 13. cxd3 a5 14. f5 b4 15. Nd1
gxf5 16. Bh6 Bxh6 17. Qxh6 Bxf3 18. Rxf3 Kh8 19. Ne3 fxe4 20. Rh3 Rg8 21. Rf1
Rg6 22. Qh4 Qg8 23. dxe4 bxa3 24. bxa3 Rb2 25. e5 Nxd5 26. Nxd5 Rbxg2 27. Qe1
dxe5 28. Qxe5+ f6 29. Qe3 Qxd5 0-1

[Event "GBR-ch78"]
[Site "Eastbourne"]
[Date "1991.08.01"]
[Round "4.3"]
[White "Thipsay, Praveen Mahadeo"]
[Black "Britton, Richard"]
[Result "1-0"]
[WhiteElo "2490"]
[BlackElo "2255"]
[PlyCount "97"]
[EventDate "1991.07.29"]
[EventType "swiss"]
[EventRounds "11"]
[EventCountry "GBR"]
[SourceTitle "EXT 1997"]
[Source "ChessBase"]
[SourceDate "1996.11.15"]
[SourceVersion "1"]
[SourceVersionDate "1996.11.15"]
[SourceQuality "1"]

1. e4 c5 2. Nf3 d6 3. d4 cxd4 4. Nxd4 Nf6 5. Nc3 a6 6. Be2 e5 7. Nb3 Be7 8. O-O
O-O 9. Kh1 b5 10. Nd5 Bb7 11. Nxe7+ Qxe7 12. f3 d5 13. exd5 Bxd5 14. Bg5 Nbd7
15. Qxd5 Nxd5 16. Bxe7 Nxe7 17. a4 Rfc8 18. Rfd1 Nb6 19. axb5 Rxc2 20. Rxa6
Rac8 21. Rxb6 Rxe2 22. Rbd6 Rf8 23. R6d2 Rxd2 24. Rxd2 g6 25. Rd7 Nc8 26. h3
Nb6 27. Rb7 Nd5 28. Na5 f5 29. Nc6 Re8 30. Kg1 e4 31. fxe4 fxe4 32. Kf1 Rf8+
33. Ke1 Rf7 34. Rb8+ Rf8 35. g3 Rxb8 36. Nxb8 Kf7 37. Nd7 Ke6 38. Nc5+ Ke5 39.
Na4 Nc7 40. b6 Na6 41. Kd2 Kd4 42. b7 Nb8 43. Nc3 Nd7 44. h4 Nb8 45. Ne2+ Ke5
46. Ke3 g5 47. hxg5 Kf5 48. b4 Kxg5 49. b5 1-0

[Event "GBR-ch78"]
[Site "Eastbourne"]
[Date "1991.08.01"]
[Round "4.4"]
[White "Mishra, Neeraj Kumar"]
[Black "Emms, John M"]
[Result "1/2-1/2"]
[WhiteElo "2375"]
[BlackElo "2425"]
[PlyCount "136"]
[EventDate "1991.07.29"]
[EventType "swiss"]
[EventRounds "11"]
[EventCountry "GBR"]
[SourceTitle "EXT 1997"]
[Source "ChessBase"]
[SourceDate "1996.11.15"]
[SourceVersion "1"]
[SourceVersionDate "1996.11.15"]
[SourceQuality "1"]

1. d4 Nf6 2. Nf3 e6 3. g3 b6 4. Bg2 Bb7 5. O-O Be7 6. c4 O-O 7. Nc3 Ne4 8. Qc2
Nxc3 9. Qxc3 c5 10. dxc5 bxc5 11. Rd1 d6 12. Bf4 Qb6 13. Qc2 Nc6 14. Bxd6 Nb4
15. Qb3 Bxd6 16. a3 Nd5 17. Nd2 Rad8 18. cxd5 exd5 19. Qxb6 axb6 20. Nf1 Ba6
21. Bxd5 Bxe2 22. Rd2 Ba6 23. Rad1 Be7 24. Ne3 Bg5 25. h4 Bf6 26. Bc4 Bb7 27.
Nd5 Bxd5 28. Bxd5 g6 29. b3 Kg7 30. a4 Rd6 31. Bc4 Rxd2 32. Rxd2 Rd8 33. Re2
Kf8 34. Kg2 Bc3 35. Re3 Bb2 36. Rf3 f6 37. Re3 Re8 38. Rd3 Bd4 39. b4 Ra8 40.
bxc5 Bxc5 41. Bb5 Ra7 42. Rd8+ Ke7 43. Rc8 f5 44. Kf3 Kf6 45. Rc6+ Ke5 46. Ke2
f4 47. Kf3 fxg3 48. fxg3 Rf7+ 49. Kg4 Bg1 50. h5 gxh5+ 51. Kxh5 Rg7 52. g4 Be3
53. Rc3 Kf4 54. Be2 Rg6 55. Rb3 Rd6 56. g5 Rd2 57. Rb4+ Ke5 58. Bf3 Bd4 59. Kg4
Rb2 60. Rc4 Rb1 61. Rc2 Rb4 62. Bc6 Bf2+ 63. Kh3 Rb3+ 64. Kg4 Rg3+ 65. Kh4 Be1
66. Kh5 Rh3+ 67. Kg4 Rg3+ 68. Kh5 Rh3+ 1/2-1/2

[Event "GBR-ch78"]
[Site "Eastbourne"]
[Date "1991.08.01"]
[Round "4.5"]
[White "Barua, Dibyendu"]
[Black "Collinson, Adam"]
[Result "1-0"]
[WhiteElo "2550"]
[BlackElo "2325"]
[PlyCount "73"]
[EventDate "1991.07.29"]
[EventType "swiss"]
[EventRounds "11"]
[EventCountry "GBR"]
[SourceTitle "EXT 1997"]
[Source "ChessBase"]
[SourceDate "1996.11.15"]
[SourceVersion "1"]
[SourceVersionDate "1996.11.15"]
[SourceQuality "1"]

1. e4 c5 2. Nf3 d6 3. d4 cxd4 4. Nxd4 Nf6 5. Nc3 a6 6. Be2 e5 7. Nf3 Be7 8. O-O
O-O 9. Re1 h6 10. h3 Be6 11. Bf1 Nbd7 12. b3 Qa5 13. Qd2 Kh8 14. Bb2 Rac8 15.
a3 Rfd8 16. Rac1 b5 17. Re3 Qc7 18. Nd5 Bxd5 19. exd5 Qb7 20. c4 bxc4 21. bxc4
Nc5 22. Qc2 Rb8 23. Rb1 Re8 24. Nd2 Qa7 25. Bc3 Rxb1 26. Nxb1 Nfd7 27. Rf3 Rf8
28. Nd2 Bd8 29. g3 Bb6 30. h4 Kg8 31. Bh3 Qc7 32. Bf5 Nb7 33. Ne4 Ndc5 34. Bd2
Nxe4 35. Qxe4 Ba5 36. Bc1 Kh8 37. Qg4 1-0

[Event "GBR-ch78"]
[Site "Eastbourne"]
[Date "1991.08.01"]
[Round "4.6"]
[White "Clarke, Stuart W"]
[Black "Norwood, David"]
[Result "1-0"]
[WhiteElo "2335"]
[BlackElo "2500"]
[PlyCount "97"]
[EventDate "1991.07.29"]
[EventType "swiss"]
[EventRounds "11"]
[EventCountry "GBR"]
[SourceTitle "EXT 1997"]
[Source "ChessBase"]
[SourceDate "1996.11.15"]
[SourceVersion "1"]
[SourceVersionDate "1996.11.15"]
[SourceQuality "1"]

1. e4 g6 2. d4 d6 3. Bc4 Bg7 4. Qf3 Nf6 5. h3 Nc6 6. Ne2 e5 7. c3 O-O 8. Bg5
exd4 9. cxd4 h6 10. Be3 Nb4 11. Bb3 Nd3+ 12. Kd2 Nb4 13. Nbc3 c5 14. Rhd1 cxd4
15. Nxd4 Nd7 16. a3 Nd3 17. Kc2 N3c5 18. Ba2 Nf6 19. Rac1 Qe7 20. Kb1 Ncxe4 21.
Nxe4 Nxe4 22. Ka1 Ng5 23. Qg3 Ne4 24. Qxg6 Ng5 25. Nf5 Bxf5 26. Qxf5 Rfd8 27.
Bd4 Bxd4 28. Rxd4 Qe5 29. Qg6+ Qg7 30. Rxd6 Qxg6 31. Rxg6+ Kh7 32. Rf6 Kg7 33.
Rf4 Rd7 34. Bb3 Rad8 35. Re1 Rd4 36. Rxd4 Rxd4 37. Re7 a5 38. Rxb7 a4 39. Bc2
Rd2 40. Bxa4 Rxf2 41. Bc6 Ne6 42. a4 Nc5 43. Rb6 Rf5 44. b4 Nd3 45. Be4 Rf1+
46. Ka2 Ne5 47. Rb5 Nc4 48. Bd3 Rf2+ 49. Kb3 1-0

[Event "GBR-ch78"]
[Site "Eastbourne"]
[Date "1991.08.01"]
[Round "4.7"]
[White "Plaskett, H James"]
[Black "Rossiter, Philip J"]
[Result "0-1"]
[WhiteElo "2465"]
[BlackElo "2320"]
[PlyCount "48"]
[EventDate "1991.07.29"]
[EventType "swiss"]
[EventRounds "11"]
[EventCountry "GBR"]
[SourceTitle "EXT 1997"]
[Source "ChessBase"]
[SourceDate "1996.11.15"]
[SourceVersion "1"]
[SourceVersionDate "1996.11.15"]
[SourceQuality "1"]

1. d4 d5 2. Nf3 c5 3. g3 Nf6 4. Bg2 e6 5. O-O Be7 6. c4 O-O 7. cxd5 exd5 8. Be3
Ng4 9. Bf4 Nc6 10. Nc3 Be6 11. dxc5 Bxc5 12. Na4 Be7 13. Rc1 Qa5 14. Qb3 Rac8
15. Bd2 Qa6 16. Nc5 Bxc5 17. Rxc5 Qxe2 18. Qxb7 Nce5 19. Rxc8 Bxc8 20. Qxd5 Be6
21. Nd4 Qxf1+ 22. Kxf1 Bxd5 23. Bxd5 Rd8 24. Nf5 Ng6 0-1

[Event "GBR-ch78"]
[Site "Eastbourne"]
[Date "1991.08.01"]
[Round "4.9"]
[White "Hennigan, Michael T"]
[Black "Anagnostopoulos, Dimitrios"]
[Result "1-0"]
[WhiteElo "2300"]
[BlackElo "2395"]
[PlyCount "73"]
[EventDate "1991.07.29"]
[EventType "swiss"]
[EventRounds "11"]
[EventCountry "GBR"]
[SourceTitle "EXT 1997"]
[Source "ChessBase"]
[SourceDate "1996.11.15"]
[SourceVersion "1"]
[SourceVersionDate "1996.11.15"]
[SourceQuality "1"]

1. e4 d6 2. d4 Nf6 3. Nc3 g6 4. Nf3 Bg7 5. Be3 c6 6. Qd2 b5 7. Bd3 Nbd7 8. Bh6
Bxh6 9. Qxh6 e5 10. dxe5 dxe5 11. a4 b4 12. Nd1 Qe7 13. Ne3 a5 14. O-O Bb7 15.
Rad1 Kd8 16. Rfe1 Kc7 17. h3 Qf8 18. Qh4 Qg7 19. Nc4 Rhe8 20. Qg5 h6 21. Qd2
Qf8 22. Bf1 Re6 23. c3 b3 24. Qe3 Ba6 25. Nfd2 Nc5 26. Nxb3 Nfxe4 27. Nbxa5 f5
28. f4 Bxc4 29. Nxc4 exf4 30. Qxf4+ Kb7 31. b4 g5 32. Qe3 Nxa4 33. Rd7+ Kc8 34.
Ra7 Rb8 35. Rxa4 Nc5 36. Qxe6+ Nxe6 37. Rxe6 1-0

[Event "GBR-ch78"]
[Site "Eastbourne"]
[Date "1991.08.01"]
[Round "4.10"]
[White "McDonald, Neil R"]
[Black "Coleman, David J"]
[Result "1/2-1/2"]
[WhiteElo "2390"]
[BlackElo "2265"]
[PlyCount "121"]
[EventDate "1991.07.29"]
[EventType "swiss"]
[EventRounds "11"]
[EventCountry "GBR"]
[SourceTitle "EXT 1997"]
[Source "ChessBase"]
[SourceDate "1996.11.15"]
[SourceVersion "1"]
[SourceVersionDate "1996.11.15"]
[SourceQuality "1"]

1. e4 c5 2. Nf3 d6 3. d4 cxd4 4. Nxd4 Nf6 5. Nc3 a6 6. Bg5 e6 7. f4 Be7 8. Qf3
Qc7 9. O-O-O Nbd7 10. g4 b5 11. Bxf6 Nxf6 12. g5 Nd7 13. f5 Nc5 14. f6 gxf6 15.
gxf6 Bf8 16. Rg1 h5 17. Rg7 b4 18. Nd5 exd5 19. exd5 Bg4 20. Re1+ Kd8 21. Qe3
Kc8 22. Ne6 Nxe6 23. dxe6 Bxe6 24. Qf3 Qb7 25. Qxb7+ Kxb7 26. Rxe6 Bxg7 27.
Bg2+ Kb6 28. Rxd6+ Kc7 29. Rc6+ Kd7 30. fxg7 Rhg8 31. Rb6 Rab8 32. Rxa6 Rxg7
33. Bf3 Ke7 34. Kd2 Rg5 35. h4 Rd8+ 36. Ke3 Re5+ 37. Kf4 Rc5 38. Be4 Rd1 39.
Bd3 Rg1 40. Ra4 Rg4+ 41. Kf3 Kf6 42. b3 Ke5 43. Bc4 Kd4 44. Bd3 Kc3 45. a3 Rxh4
46. axb4 Rxb4 47. Ra7 h4 48. Rxf7 Rh5 49. Kg2 Rg5+ 50. Kh2 Rbg4 51. Rf2 Rg3 52.
Bf1 R5g4 53. Bd3 Rd4 54. Re2 Rf4 55. Be4 Rf1 56. Bd3 Rd1 57. b4 Rgg1 58. Kh3
Rh1+ 59. Rh2 Kxb4 60. Rxh1 Rxh1+ 61. Kg2 1/2-1/2

[Event "GBR-ch78"]
[Site "Eastbourne"]
[Date "1991.08.01"]
[Round "4.11"]
[White "McLaren, Leonard"]
[Black "Cooper, John Grantley"]
[Result "1/2-1/2"]
[WhiteElo "2250"]
[BlackElo "2370"]
[PlyCount "76"]
[EventDate "1991.07.29"]
[EventType "swiss"]
[EventRounds "11"]
[EventCountry "GBR"]
[SourceTitle "EXT 1997"]
[Source "ChessBase"]
[SourceDate "1996.11.15"]
[SourceVersion "1"]
[SourceVersionDate "1996.11.15"]
[SourceQuality "1"]

1. e4 c5 2. Nf3 e6 3. c3 d5 4. exd5 exd5 5. d4 Nc6 6. Be3 cxd4 7. Bxd4 Be6 8.
Nbd2 Nf6 9. Bd3 Bd6 10. O-O O-O 11. h3 Nh5 12. Re1 Nf4 13. Bf1 Nxd4 14. Nxd4
Qg5 15. Kh1 Bd7 16. N2f3 Qf6 17. Ng1 Bc5 18. Qf3 Bxd4 19. cxd4 Qxd4 20. Rad1
Qb4 21. a3 Qd6 22. Rd4 Ne6 23. Rxd5 Qc7 24. Rdd1 Rad8 25. Ne2 Qb6 26. Kg1 Ba4
27. Rxd8 Rxd8 28. Qc3 Bc6 29. Ng3 Qd4 30. Qxd4 Nxd4 31. f3 Kf8 32. Kf2 Ne6 33.
Ne4 Bd5 34. Rd1 Ke7 35. Nc3 Bb3 36. Rxd8 Nxd8 37. Ke3 Nc6 38. Nb5 f6 1/2-1/2

[Event "GBR-ch78"]
[Site "Eastbourne"]
[Date "1991.08.01"]
[Round "4.12"]
[White "Basman, Michael J"]
[Black "Rogers, Jonathan"]
[Result "1-0"]
[WhiteElo "2365"]
[BlackElo "2245"]
[PlyCount "57"]
[EventDate "1991.07.29"]
[EventType "swiss"]
[EventRounds "11"]
[EventCountry "GBR"]
[SourceTitle "EXT 1997"]
[Source "ChessBase"]
[SourceDate "1996.11.15"]
[SourceVersion "1"]
[SourceVersionDate "1996.11.15"]
[SourceQuality "1"]

1. h3 b5 2. e3 Bb7 3. Nf3 b4 4. b3 e6 5. Bb2 Nf6 6. c4 d5 7. d3 Bd6 8. Nbd2
Nbd7 9. Be2 a5 10. O-O O-O 11. a3 Qe7 12. axb4 axb4 13. Qc2 c5 14. Rxa8 Rxa8
15. Ra1 Qd8 16. cxd5 exd5 17. d4 Rxa1+ 18. Bxa1 Qa8 19. Qb1 Ne4 20. Nxe4 dxe4
21. Nd2 Nb6 22. Bb2 Nd5 23. dxc5 Bxc5 24. Nxe4 Nc3 25. Nxc3 bxc3 26. Bxc3 Bxg2
27. Qf5 Qe4 28. Qxc5 Bxh3 29. Qg5 1-0

[Event "GBR-ch78"]
[Site "Eastbourne"]
[Date "1991.08.01"]
[Round "4.13"]
[White "Lalic, Susan"]
[Black "Dishman, Stephen"]
[Result "1-0"]
[WhiteElo "2275"]
[BlackElo "2360"]
[PlyCount "141"]
[EventDate "1991.07.29"]
[EventType "swiss"]
[EventRounds "11"]
[EventCountry "GBR"]
[SourceTitle "EXT 1997"]
[Source "ChessBase"]
[SourceDate "1996.11.15"]
[SourceVersion "1"]
[SourceVersionDate "1996.11.15"]
[SourceQuality "1"]

1. e4 d6 2. d4 g6 3. Nc3 Bg7 4. Be2 Nf6 5. Nf3 O-O 6. O-O Bg4 7. h3 Bxf3 8.
Bxf3 Nc6 9. Ne2 e5 10. c3 a5 11. Qc2 a4 12. d5 Ne7 13. c4 c6 14. Nc3 cxd5 15.
cxd5 Qa5 16. Qd3 Rfc8 17. Qb5 Rc5 18. Qxa5 Raxa5 19. Bd2 Ra8 20. Rfc1 h5 21.
Be3 Rca5 22. a3 Kh7 23. Be2 Bh6 24. Bxh6 Kxh6 25. f3 Rc8 26. Rab1 Rcc5 27. b4
axb3 28. Rxb3 Nc8 29. Rcb1 b6 30. h4 g5 31. hxg5+ Kxg5 32. g3 h4 33. gxh4+ Kxh4
34. Kf2 Nh5 35. Rg1 Nf4 36. Rg4+ Kh5 37. Rb1 Kh6 38. Rh1+ Nh5 39. Nd1 Rxa3 40.
f4 exf4 41. Rxf4 Ne7 42. Rxh5+ Kg7 43. Ne3 Ra2 44. Nf5+ Nxf5 45. exf5 Kf6 46.
Rd4 Rcc2 47. Re4 Ra5 48. Rh6+ Kxf5 49. Re3 f6 50. Rh5+ Kg6 51. Rg3+ Kf7 52.
Rh7+ Kf8 53. Rgg7 Raa2 54. Re7 Rd2 55. Kf3 Ra3+ 56. Kf4 Rxd5 57. Rb7 Ra4+ 58.
Ke3 Re5+ 59. Kd2 Kg8 60. Bd3 Ra2+ 61. Bc2 Re8 62. Rbg7+ Kf8 63. Rc7 Kg8 64. Kc3
Ra5 65. Bb3+ d5 66. Rcg7+ Kf8 67. Rd7 Kg8 68. Rdg7+ Kf8 69. Rb7 Kg8 70. Rhd7
Rc5+ 71. Kd4 1-0

[Event "GBR-ch78"]
[Site "Eastbourne"]
[Date "1991.08.01"]
[Round "4.14"]
[White "Rosenberg, Daniel"]
[Black "Jackson, Oliver"]
[Result "1-0"]
[WhiteElo "2230"]
[BlackElo "2345"]
[PlyCount "39"]
[EventDate "1991.07.29"]
[EventType "swiss"]
[EventRounds "11"]
[EventCountry "GBR"]
[SourceTitle "EXT 1997"]
[Source "ChessBase"]
[SourceDate "1996.11.15"]
[SourceVersion "1"]
[SourceVersionDate "1996.11.15"]
[SourceQuality "1"]

1. d4 Nf6 2. c4 e5 3. dxe5 Ng4 4. Bf4 Nc6 5. Nf3 Bb4+ 6. Nbd2 Qe7 7. e3 Ngxe5
8. Nxe5 Nxe5 9. Be2 b6 10. O-O Bxd2 11. Qxd2 Bb7 12. Rfd1 d6 13. b4 Ng6 14. c5
dxc5 15. Bb5+ c6 16. Bd6 Qe6 17. Be2 cxb4 18. Rac1 O-O-O 19. Qxb4 c5 20. Rxc5+
1-0

[Event "GBR-ch78"]
[Site "Eastbourne"]
[Date "1991.08.01"]
[Round "4.15"]
[White "Ward, Chris R"]
[Black "Daly, Colm"]
[Result "1-0"]
[WhiteElo "2435"]
[BlackElo "2230"]
[PlyCount "89"]
[EventDate "1991.07.29"]
[EventType "swiss"]
[EventRounds "11"]
[EventCountry "GBR"]
[SourceTitle "EXT 1997"]
[Source "ChessBase"]
[SourceDate "1996.11.15"]
[SourceVersion "1"]
[SourceVersionDate "1996.11.15"]
[SourceQuality "1"]

1. d4 Nf6 2. c4 g6 3. Nc3 Bg7 4. e4 d6 5. f3 O-O 6. Be3 e5 7. d5 Nh5 8. Qd2
Qh4+ 9. Kd1 Qe7 10. Kc2 f5 11. Rc1 c5 12. dxc6 Nf6 13. cxb7 Bxb7 14. Bd3 Nc6
15. Kb1 Nb4 16. Nge2 Nxd3 17. Qxd3 fxe4 18. Nxe4 Nxe4 19. fxe4 Qh4 20. Nc3 Rf6
21. a3 Bh6 22. Nd5 Rf7 23. Rcf1 Rxf1+ 24. Rxf1 Bxe3 25. Qxe3 Bxd5 26. cxd5 Qxh2
27. Qf2 Qf4 28. Qxf4 exf4 29. Rxf4 Kg7 30. Kc2 h5 31. Kd3 a5 32. Rf2 h4 33. e5
dxe5 34. Ke4 Re8 35. d6 g5 36. Kd5 g4 37. d7 Rh8 38. Ke6 Kg6 39. Kxe5 h3 40.
gxh3 gxh3 41. Rh2 Rh5+ 42. Ke6 Rh8 43. Rxh3 Rxh3 44. d8=Q Re3+ 45. Kd7 1-0

[Event "GBR-ch78"]
[Site "Eastbourne"]
[Date "1991.08.01"]
[Round "4.17"]
[White "Ledger, Andrew"]
[Black "Forbes, Cathy"]
[Result "1-0"]
[WhiteElo "2345"]
[BlackElo "2140"]
[PlyCount "65"]
[EventDate "1991.07.29"]
[EventType "swiss"]
[EventRounds "11"]
[EventCountry "GBR"]
[SourceTitle "EXT 1997"]
[Source "ChessBase"]
[SourceDate "1996.11.15"]
[SourceVersion "1"]
[SourceVersionDate "1996.11.15"]
[SourceQuality "1"]

1. Nf3 c5 2. g3 Nc6 3. Bg2 g6 4. c3 Bg7 5. d4 Qa5 6. O-O d6 7. Be3 Nf6 8. dxc5
dxc5 9. Nbd2 Ng4 10. Bf4 O-O 11. Nb3 Qb6 12. h3 e5 13. Bg5 h6 14. Bd2 c4 15.
hxg4 cxb3 16. g5 hxg5 17. Nxg5 bxa2 18. Rxa2 Rd8 19. b4 f6 20. Qb3+ Kh8 21.
Nf7+ Kh7 22. Be3 Qc7 23. Nxd8 Nxd8 24. Bd5 Bh3 25. Rfa1 a6 26. Kh2 Bc8 27. Kg2
Bh6 28. Rh1 g5 29. Bc5 Qg7 30. Raa1 Kg6 31. Qc4 Bd7 32. g4 Bc6 33. Qe4+ 1-0

[Event "GBR-ch78"]
[Site "Eastbourne"]
[Date "1991.08.01"]
[Round "4.22"]
[White "Knox, Victor W"]
[Black "Parveen, Tanima"]
[Result "1-0"]
[WhiteElo "2310"]
[BlackElo "2005"]
[PlyCount "63"]
[EventDate "1991.07.29"]
[EventType "swiss"]
[EventRounds "11"]
[EventCountry "GBR"]
[SourceTitle "EXT 1997"]
[Source "ChessBase"]
[SourceDate "1996.11.15"]
[SourceVersion "1"]
[SourceVersionDate "1996.11.15"]
[SourceQuality "1"]

1. e4 e5 2. Nf3 Nc6 3. Nc3 Nf6 4. d4 exd4 5. Nxd4 Bc5 6. Be3 Bb6 7. Be2 O-O 8.
O-O Bxd4 9. Bxd4 Nxd4 10. Qxd4 d6 11. Rad1 Qe7 12. f4 Re8 13. Bf3 Bg4 14. Bxg4
Nxg4 15. Nd5 Qd7 16. h3 Nh6 17. Rfe1 Kh8 18. Nf6 gxf6 19. Qxf6+ Kg8 20. Qxh6
Re6 21. Qh4 Qa4 22. f5 Re5 23. Rd3 Kf8 24. Qxh7 Rd8 25. f6 Ke8 26. Qg8+ Kd7 27.
Qxf7+ Kc8 28. Qb3 Qa5 29. Rf1 Rxe4 30. Rd5 Qa6 31. f7 Rf8 32. Rg5 1-0

[Event "GBR-ch78"]
[Site "Eastbourne"]
[Date "1991.08.01"]
[Round "4.23"]
[White "Arkell, Keith C"]
[Black "Rahman, Tahmidur"]
[Result "1-0"]
[WhiteElo "2455"]
[BlackElo "2305"]
[PlyCount "53"]
[EventDate "1991.07.29"]
[EventType "swiss"]
[EventRounds "11"]
[EventCountry "GBR"]
[SourceTitle "EXT 1997"]
[Source "ChessBase"]
[SourceDate "1996.11.15"]
[SourceVersion "1"]
[SourceVersionDate "1996.11.15"]
[SourceQuality "1"]

1. d4 Nf6 2. Nf3 g6 3. c4 Bg7 4. Nc3 O-O 5. g3 d6 6. Bg2 Nbd7 7. O-O c6 8. Qc2
e5 9. b3 exd4 10. Nxd4 Nc5 11. Bf4 Nh5 12. Be3 Re8 13. Qd2 Qa5 14. Rad1 Be6 15.
Rb1 Qc7 16. Nxe6 Rxe6 17. Rfd1 Rae8 18. Bd4 Nf6 19. e3 R6e7 20. Rbc1 Rd7 21. b4
Ne6 22. Nd5 Nxd5 23. cxd5 Nxd4 24. exd4 Rde7 25. dxc6 Re4 26. Bxe4 Rxe4 27. Qc2
1-0